000 00787nam a2200205Ia 4500
003 GCL
008 140319s9999 xx 000 0 ara d
040 _aGCL /
_cGCL
082 0 4 _a676
_bع و
100 1 _aعصام احمد عيسوى
245 1 0 _aالورق فى مصر فى القرن التاسع عشر واهميته فى الدراست الدبلوماتية والبيليوجرافية /
_cعصام احمد عيسوى
260 _aالقاهرة :
_bدار الثقافة العلمية
300 _a133 ص ؛
_c24 سم
650 0 4 _aالورق
650 0 4 _aالادوات الكتابية
650 0 4 _aالعلامات المائية
650 0 4 _aالورق - عينات
650 0 4 _aالورق - صناعة وتجارة - ضبط الجودة
942 _2ddc
_cBK
999 _c6060
_d6060